000 00187 a2200097 4500
020 _a9780761393412
041 _aspa
100 _aRobin Nelson
245 _aEl ciclo de Noche
942 _cBK
999 _c14220
_d14220